000 00422nam a22001697a 4500
005 20180726152130.0
008 160517b xxu||||| |||| 00| 0 eng d
020 _a978-81-203-3703-9
041 _aeng
082 _b658.3
100 _aKondalkar, V.G.
_92962
245 _aOrganization Effectivense & change Management
260 _aNew Delhi
_bPHI,
_c2009
300 _a442p,
650 _aManagement
_9241
942 _cBK
999 _c897
_d897